000 00733pam a2200241 a 4500
001 3070838
005 20180216091122.0
008 970508s1997 vau b 000 0 eng
010 _a 97021007
020 _a0871202832
040 _aDLC
_cDLC
_dDLC
041 _aeng
043 _an-us---
080 _a370.711 SPA
082 0 0 _a370.711 SPA
_221
100 1 _a47
101 _aEDU
245 1 2 _aA new vision for staff development /
_cDennis Sparks, Stephanie Hirsh.
504 _aIncludes bibliographical references (p. 101).
906 _a7
_bcbc
_corignew
_d1
_eocip
_f19
_gy-gencatlg
942 _2ddc
_cBK
999 _c42844
_d42844